10 Longest Rivers in Central Asia - Statistics

General Stats
  • This quiz has been taken 66 times
  • The average score is 4 of 10
Answer Stats
Countries River % Correct
China, India, Pakistan Indus
83%
Afghanistan, Tajikistan, Uzbekistan, Turkmenistan Amu Darya
66%
Kyrgyzstan, Uzbekistan, Tajikistan, Kazakhstan Syr Darya
60%
Kazakhstan, Russia Ural
57%
Mongolia, China, Kazakhstan, Russia Irtysh
43%
Afghanistan, Iran Helmand
25%
Kazakhstan, Russia Ishim
17%
Kazakhstan, China Ili
13%
China, India, Pakistan Sutlej
9%
Afghanistan, Turkmenistan Hari
6%
No matching quizzes found
Score Distribution
Percent of People with Each Score
Percentile by Number Answered
Your Score History
You have not taken this quiz